000
00337nam a2200157Ia 4500
003
SGT
005
20260530133217.0
082
_a
150
_b
I12M
100
_a
MORGAN ,CLIFFOR T.
245
_a
INTRODUCTION TO PSYCHOLOGY
250
_a
7TH
260
_b
MC GRAW HILL
_a
INDIA
_c
2012
300
_a
1-724
650
_a
PSYCHOLOGY
942
_2
ddc
_c
BK
999
_c
1431
_d
1431